<?xml version="1.0" encoding="UTF-8" ?>
<collection xmlns="http://www.loc.gov/MARC21/slim"><record><leader>01357nam a2200277 c 4500</leader><controlfield tag="001">100566</controlfield><controlfield tag="003">CH-000273-5</controlfield><controlfield tag="005">20210128101439.0</controlfield><datafield tag="035" ind1=" " ind2=" "><subfield code="a">(OCoLC)906803071</subfield></datafield><datafield tag="040" ind1=" " ind2=" "><subfield code="a">CH-000273-5</subfield><subfield code="b">ger</subfield><subfield code="e">rda</subfield></datafield><datafield tag="041" ind1=" " ind2=" "><subfield code="a">ger</subfield></datafield><datafield tag="110" ind1="2" ind2="0"><subfield code="a">Gesellschaft Schweizerischer Maler, Bildhauer und Architekten</subfield><subfield code="e">Verfasser</subfield><subfield code="4">aut</subfield></datafield><datafield tag="245" ind1="0" ind2="0"><subfield code="a">13. Ausstellung der Gesellschaft Schweizerischer Maler, Bildhauer u. Architekten</subfield><subfield code="b">4. Dezember 1927 bis 15. Januar 1928</subfield><subfield code="c">Kunsthaus Zürich</subfield></datafield><datafield tag="246" ind1="3" ind2="3"><subfield code="a">Dreizehnte Ausstellung der Gesellschaft Schweizerischer Maler, Bildhauer u. Architekten</subfield></datafield><datafield tag="250" ind1=" " ind2=" "><subfield code="a">[Illustrierte Ausgabe]</subfield></datafield><datafield tag="264" ind1="0" ind2="1"><subfield code="a">[Zürich]</subfield><subfield code="b">[Kunsthaus Zürich]</subfield><subfield code="c">[1927]</subfield></datafield><datafield tag="300" ind1=" " ind2=" "><subfield code="a">56 Seiten, 16 ungezählte Blätter</subfield><subfield code="b">Illustrationen, schwarz-weiss</subfield><subfield code="c">19,5 cm</subfield></datafield><datafield tag="336" ind1=" " ind2=" "><subfield code="a">Text</subfield><subfield code="b">txt</subfield><subfield code="2">rdacontent</subfield></datafield><datafield tag="336" ind1=" " ind2=" "><subfield code="a">unbewegtes Bild</subfield><subfield code="b">sti</subfield><subfield code="2">rdacontent</subfield></datafield><datafield tag="337" ind1=" " ind2=" "><subfield code="a">ohne Hilfsmittel zu benutzen</subfield><subfield code="b">n</subfield><subfield code="2">rdamedia</subfield></datafield><datafield tag="338" ind1=" " ind2=" "><subfield code="a">Band</subfield><subfield code="b">nc</subfield><subfield code="2">rdacarrier</subfield></datafield><datafield tag="610" ind1="2" ind2="7"><subfield code="a">Gesellschaft Schweizerischer Maler, Bildhauer und Architekten</subfield><subfield code="x">Plastik</subfield><subfield code="x">Malerei</subfield><subfield code="x">Zeichnung</subfield><subfield code="x">Druckgrafik</subfield><subfield code="v">Ausstellung</subfield><subfield code="2">gnd</subfield></datafield><datafield tag="655" ind1="0" ind2="7"><subfield code="a">Ausstellungskatalog</subfield><subfield code="x">Kunsthaus Zürich</subfield><subfield code="y">04.12.1927-15.01.1928</subfield><subfield code="z">Zürich</subfield><subfield code="2">gnd-content</subfield></datafield><datafield tag="710" ind1="2" ind2="0"><subfield code="a">Kunsthaus Zürich</subfield><subfield code="e">Gastgebende Institution</subfield><subfield code="4">his</subfield></datafield><datafield tag="852" ind1="4" ind2="0"><subfield code="a">CH-000273-5</subfield><subfield code="c">AK 88/74:13a</subfield></datafield><datafield tag="856" ind1="4" ind2="1"><subfield code="u">https://digital.kunsthaus.ch/viewer/image/100566/1/</subfield><subfield code="y">Kunsthaus Zürich Sammlungen online</subfield></datafield></record></collection>